000 00206 a2200097 4500
001 3987
100 _aRichmond,A.E
245 _aCalculas for electronics
260 _a
_bMcgrawhill
_c
090 _c3216
_d3216
942 _aNUST-CAE
_cM
_c24625
999 _c239060
_d239060